| 000 | 00475nam a2200169Ia 4500 | ||
|---|---|---|---|
| 001 | 57158 | ||
| 008 | 131031n ii |||gr||||Z||||||297 | ||
| 082 | _a891.55 | ||
| 245 | 0 |
_aMojmooa Maqalat Seminer Zaban _cFarsi-0-Jabad Ilm _hTextual Documents |
|
| 260 | _bMarkaj Nas Tehrah University. | ||
| 300 | _c23cm. | ||
| 653 | _aIslamic Studies | ||
| 653 | _aPersian literature | ||
| 653 | _aDeptt- Islamic Studies | ||
| 700 |
_aIlm, Farsi-0-Jabad, _eAuthor., |
||
| 942 |
_2ddc _cBK |
||
| 999 |
_c57072 _d57072 |
||